000 01529nam0a22003491 4500
001 RU\INFOCOMM_322\NLR\5000170591
005 20250613110424.0
035 _a(NLR Aleph) 009562299
090 _a9076575
_c9076575
100 _a20130212d1981 |||y0rusy50 ca
101 0 _aeng
102 _aRU
105 _ay z |||||
200 1 _aOn properties of the nonlinear Schrödinger equation with U (p, q) internal symmetry
_fV. G. Makhankov, O. K. Pashaev
210 _a[Дубна]
_cОбъед. ин-т ядер. исслед.
_d1981
215 _a5 с.
_d21 см
225 1 _aСообщения Объединенного института ядерных исследований, Дубна
_vЕ2-81-70
300 _aНа 2-й с. обл.: О свойствах нелинейного уравнения Шредингера с внутренней симметрией / Маханьков В. Г., Пашаев О. К.
300 _aРез. на рус. яз.
300 _a"Submitted to "Письма в ЖЭТФ" "
320 _aБиблиогр.: с. 5
606 0 _aУравнение Шредингера нелинейное
_2nlr_sh1
686 _aВ314.1
_2rubbk
700 1 _9z03790
_aMachan'kov
_bV. G.
_gVladimir Grigor'evič
701 1 _9z04790
_aPašaev
_bO. K. o.
_gOktaj Kamal ogly
790 1 _9z03700
_aMakhankov
_bV. G.
_4070
790 1 _9z04701
_aPashaev
_bO. K.
_4070
801 1 _aRU
_bInfocomm
_c20130212
801 0 _aRU
_bINFOCOMM
_gPSBO
852 _aNLR
_jФз01 Д-4/1440
942 _cBOOK
980 _aNB